Grundlagen der Geldtheorie

Salvato in:
Dettagli Bibliografici
Autore principale: Classen, Emil Maria
Natura: Libro
Lingua:tedesco
Pubblicazione: Berlin Springer 1980
Edizione:2. neubearb. und erweit. Aufl.
Tags: Aggiungi Tag
Nessun Tag, puoi essere il primo ad aggiungerne!!

MARC

LEADER 00000nam a2200000 4500
001 c040677
005 20221220101846.4
041 0 |a ger 
044 |a DE 
245 1 0 |a Grundlagen der Geldtheorie  |c Emil Maria Classen 
250 |a 2. neubearb. und erweit. Aufl. 
264 1 |a Berlin  |b Springer  |c 1980 
300 |a 437 s. 
100 1 |a Classen, Emil Maria